| 000 | 00398 a2200145 4500 | ||
|---|---|---|---|
| 005 | 20250629091105.0 | ||
| 020 | _a81-7808685-9 | ||
| 082 | _a332.1 FAB | ||
| 100 | _aFABOZZI, F. J. | ||
| 245 | _aFoundations of Financial Markets and Institutions | ||
| 260 |
_aNew York, _bPrentice Hall, _c2002 |
||
| 300 |
_axix,647p.; ill.; table _bIndex _c24cm |
||
| 700 | _aMODIGLIANI, F. et all | ||
| 942 |
_2ddc _cBKS |
||
| 999 |
_c6223 _d6223 |
||